Normal view
MARC view
- Cooperativas
Entry Materia
001 - NÚMERO DE CONTROL DEL REGISTRO
- campo de control: 11072
003 - IDENTIFICADOR DE NUMERO DE CONTROL
- campo de control: MX-MxUPN
005 - FECHA Y HORA DE LA ÚLTIMA TRANSACCIÓN
- campo de control: 20240624165411.0
008 - DATOS DE LONGITUD FIJA
- campo de control de longitud fija: 240624n| acnnnbabn | ana |d
035 ## - NÚMERO DE CONTROL DEL SISTEMA
- Número de control del sistema: UPN10000011079
040 ## - FUENTE DE LA CATALOGACIÓN
- Centro catalogador de origen: MX-MxUPN
- Lengua de catalogación: spa
- Agencia de transcripción: MX-MxUPN
150 ## - ENCABEZAMIENTO - TEMÁTICO
- Término de materia o nombre geográfico como elemento inicial: Cooperativas
450 ## - VÉASE - MATERIA
- Encabezamiento temático: Sociedades cooperativas
670 ## - FUENTE EN LA QUE SE LOCALIZARON DATOS
- Cita de la fuente: A
680 ## - NOTA GENERAL CON DESPLIEGUE PÚBLICO
- Texto explicativo: Aquí se asientan las obras que tratan específicamente de la naturaleza y organización de las sociedades cooperativas y de las leyes que la rigen. Las obras sobre la teoría e historia de las sociedades cooperativas y del movimiento cooperativista se asientan bajo
- Encabezamiento: COOPERATIVISMO
902 ## - CATALOGADOR
- Catalogador: MMA/170797
